=LDR 00000nam 2200000 4500 =001 INLIS000000000031048 =005 20200819074751 =035 ##$$a 0010-061300000031048 =008 200819################g##########0#ind## =041 ##$$a ind =082 ##$$a 2x9.1 =090 ##$$a 2x9.1, Fan m =100 ##$$a Fauzi, Ikhwan =245 1#$$a Menggapai ibrah meniti jalan lurus : $b Aktuhsasi kehidupan dimasa Rasulullah saw. /$c Ikhwan Fauzi =260 ##$$a [s.l] :$b Amzah,$c 2002 =300 ##$$a viii,150 hlm. ; $c 19 x 13 cm. =650 #4$$a Sejarah Rasulullah =850 ##$$a NBPNMAT =020 ##$$a 979-9392-14-4 =084 ##$$a 2x9.1 FAU m =250 ##$$a cet. 1 =990 ##$$a 20900943 =990 ##$$a 20900941 =990 ##$$a 20900944 =990 ##$$a 20900942